000 00272nam a22000857a 4500
008 240104b ||||| |||| 00| 0 eng d
100 _aThe Gossip Printery
245 _aThe Dvorak Specialized Catalog of U. S. Air Mail Covers
260 _aHolton, Kansas
_bThe Gossip Printery
_c1930
999 _c3578
_d3578